000 00817cam a2200253 a 4500
020 _a9780415458467 (pbk.)
082 0 0 _a346.4203
100 1 _aHarpwood, Vivienne.
245 1 0 _aModern tort law
_cVivienne Harpwood.
250 _a7th ed.
260 _aLondon ;
_aNew York :
_bRoutledge-Cavendish,
_c2009.
300 _alxi, 514 p. ;
_c26 cm.
504 _aIncludes bibliographical references and index.
650 0 _aTorts
_9126919
650 0 _aTorts
_9126919
650 0 _aNLS2024, NLSTEXTBOOKS, NLSEBOOKBANK, LAW OF TORTS
_9126920
650 0 _9108302
650 0 _9118857
856 _uhttp://10.250.8.41:8080/xmlui/handle/123456789/47921
942 _2ddc
_cBK
999 _c586609
_d586609